000 00724nam a22002177a 4500
999 _c7110
_d7110
001 7110
003 BD-JhCC
005 20180205112546.0
008 180205b xxu||||| |||| 00| 0 eng d
035 _a(BD-JhCC)7110
040 _aBD-JhCC
_dBD-JhCC
041 _aeng
082 _a954.9205
_bISL 1985
100 _aইসলাম, মেজর (অবঃ) রফিকুল
245 _aএকটি ফুলকে বাঁচাবো ব'লে /
_cমেজর (অবঃ) রফিকুল ইসলাম
260 _aঢাকা :
_bদি ইউনির্ভাসিটি প্রেস,
_c1985.
300 _a226 p. :
_c21 cm
650 _aHistory of Bangladesh
942 _2ddc
_cBK